Research Methods in Theatre and performance (Record no. 15684)
[ view plain ]
| 000 -LEADER | |
|---|---|
| fixed length control field | 00455nam a22001337a 4500 |
| 008 - FIXED-LENGTH DATA ELEMENTS--GENERAL INFORMATION | |
| fixed length control field | 160212b xxu||||| |||| 00| 0 eng d |
| 020 ## - INTERNATIONAL STANDARD BOOK NUMBER | |
| International Standard Book Number | 0748641574 |
| 245 ## - TITLE STATEMENT | |
| Title | Research Methods in Theatre and performance |
| Statement of responsibility, etc. | Kershaw,Baz |
| 300 ## - PHYSICAL DESCRIPTION | |
| Extent | vii,248p. |
| Other physical details | ill. |
| 650 ## - SUBJECT ADDED ENTRY--TOPICAL TERM | |
| Topical term or geographic name as entry element | Theatre-Research |
| Form subdivision | Methodology |
| 650 ## - SUBJECT ADDED ENTRY--TOPICAL TERM | |
| Topical term or geographic name as entry element | Performing arts-research |
| Form subdivision | Methodology |
| 700 ## - ADDED ENTRY--PERSONAL NAME | |
| Personal name | Edited by Baz Kershaw and Hellen Nicholson |
| 942 ## - ADDED ENTRY ELEMENTS (KOHA) | |
| Source of classification or shelving scheme | Library of Congress Classification |
| Koha item type | General Collection |
| Classification part | PN 2037 |
| Call number prefix | .R47 2011 C.1 |
| Withdrawn status | Lost status | Source of classification or shelving scheme | Not for loan | Home library | Current library | Shelving location | Date acquired | Cost, normal purchase price | Total Checkouts | Full call number | Barcode | Date last seen | Copy number | Price effective from | Koha item type |
|---|---|---|---|---|---|---|---|---|---|---|---|---|---|---|---|
| Library of Congress Classification | Kabarak, Main Campus | Kabarak, Main Campus | General Stacks | 12/02/2016 | 4582.00 | PN 2037 .R47 2011 C.1 | 017315 | 12/02/2016 | C.1 | 12/02/2016 | General Collection |